Historic environment policy project (Record no. 109206)
[ view plain ]
| 000 -LEADER | |
|---|---|
| fixed length control field | 01818cad a22002175a 4500 |
| 001 - CONTROL NUMBER | |
| control field | E146517 |
| 008 - FIXED-LENGTH DATA ELEMENTS--GENERAL INFORMATION | |
| fixed length control field | 090129s2009 xxk o f 000 0 eng d |
| 035 ## - SYSTEM CONTROL NUMBER | |
| System control number | (Sirsi) u146517 |
| 041 0# - LANGUAGE CODE | |
| Language code of text/sound track or separate title | eng |
| 050 04 - LIBRARY OF CONGRESS CALL NUMBER | |
| Classification number | 711.1 $2 18 |
| 110 2# - MAIN ENTRY--CORPORATE NAME | |
| Corporate name or jurisdiction name as entry element | Scottish Civic Trust |
| 9 (RLIN) | 2679 |
| 245 00 - TITLE STATEMENT | |
| Title | Historic environment policy project |
| Remainder of title | an analysis of development plan policies in Scotland and their conformance with heritage statutes and proposed model policies |
| Medium | [electronic resource] |
| 260 ## - PUBLICATION, DISTRIBUTION, ETC. | |
| Place of publication, distribution, etc. | Glasgow |
| Name of publisher, distributor, etc. | Scottish Civic Trust |
| Date of publication, distribution, etc. | 2009 |
| 505 ## - FORMATTED CONTENTS NOTE | |
| Formatted contents note | Background -- Project outline -- Setting the scene -- Statutory and policy context -- Methodology -- Comments on analysis -- Summary of findings -- Archaeology -- Conservation areas -- Gardens & designed landscapes -- Listed buildings -- Other historic environment -- Summary -- Appendix one: list of councils -- Appendix two: list of development plan policies -- Appendix three: list of interesting & innovative policies -- Appendix four: about the Scottish Civic Trust |
| 520 ## - SUMMARY, ETC. | |
| Summary, etc. | Looks at local planning authorities' policies relating to the historic environment, as set out in their development plans. Compares the policies with the statutory provisions of relevant legislation and lists all development plan policies directly affecting the historic environment. Also compares development plans with the model policies set out in the Scottish Planning Policy 23: Planning and the Historic Environment (see E145660). |
| 521 ## - TARGET AUDIENCE NOTE | |
| Target audience note | Advanced |
| 651 #4 - SUBJECT ADDED ENTRY--GEOGRAPHIC NAME | |
| Geographic name | Scotland |
| Chronological subdivision | 1999- |
| 690 ## - LOCAL SUBJECT ADDED ENTRY--TOPICAL TERM (OCLC, RLIN) | |
| Topical term or geographic name as entry element | ENVIRONMENTAL AND LAND CONSULTANCY-PLANNING AND DEVELOPMENT-PLANNING GUIDANCE-LOCAL DEVELOPMENT PLANS |
| 856 40 - ELECTRONIC LOCATION AND ACCESS | |
| Uniform Resource Identifier | <a href="https://www.scottishcivictrust.org.uk/sct/publications.aspx?sect=20&typeid=0&start=1&dir=DESC">https://www.scottishcivictrust.org.uk/sct/publications.aspx?sect=20&typeid=0&start=1&dir=DESC</a> |
| Public note | View the report free of charge at www.scottishcivictrust.org.uk... |
| 942 ## - ADDED ENTRY ELEMENTS (KOHA) | |
| Suppress in OPAC | 0 |
| Withdrawn status | Lost status | Source of classification or shelving scheme | Damaged status | Not for loan | Home library | Current library | Shelving location | Date acquired | Total Checkouts | Full call number | Barcode | Date last seen | Copy number | Price effective from | Koha item type |
|---|---|---|---|---|---|---|---|---|---|---|---|---|---|---|---|
| Dewey Decimal Classification | Virtual | Virtual | Online | 29/01/2009 | ONLINE PUBLICATION | 146517-2001 | 06/08/2019 | 1 | 06/08/2019 | Book |